| 000 | 01093nam2a22002291 4500 | ||
|---|---|---|---|
| 001 | rc\910632 | ||
| 005 | 20250622110109.0 | ||
| 035 | _a(NLR Aleph) 006254315 | ||
| 090 |
_a6783644 _c6783644 |
||
| 100 | _a20041129d1983 |||y0rusy50 ca | ||
| 101 | 0 | _arus | |
| 102 | _aRU | ||
| 105 | _aa ||||||||| | ||
| 200 | 0 | _aЧ. 1 | |
| 210 |
_d1983 _aБ. м. |
||
| 215 |
_a108 с. _cил. |
||
| 461 | 0 |
_1001rc\910631 _12001#$aОбучающие таблицы по биохимии$e(Метод. разраб. для студентов)$e[В 2 ч.]$fМ-во здравоохранения СССР, I Моск. мед. ин-т им. И.М. Сеченова$g[Сост. к. б. н. Н.Н. Мушкамбаровым]$vЧ. 1 _97985939 _cМ. _d1983 _fМ-во здравоохранения СССР, I Моск. мед. ин-т им. И.М. Сеченова _nБ. и. _o(Метод. разраб. для студентов) : [В 2 ч.] _tОбучающие таблицы по биохимии _vЧ. 1 |
|
| 801 | 0 |
_aRU _bNLR _gpsbo |
|
| 801 | 1 |
_aRU _bELAR _2rusmarc |
|
| 852 |
_aNLR _j85-8/414 |
||
| 942 | _cBOOK | ||
| 980 | _aNB | ||